000 00494nam a2200181Ia 4500
001 14941
005 20260306164951.0
008 260306t2000||||xx |||||||||||||| ||spa||
041 _aESP
082 _a519.5
_bR93
100 _aRuiz-Maya Pérez, Luis
_eAUT
245 0 _aMétodos estadísticos de investigación en las ciencias sociales:
_btécnicas no paramétricas
260 _c2000
300 _a121 páginas :
_c24 cm.
650 _aGEN
654 _aCMA
942 _cLIB
_dJUS
_fJUS
_2ddc
_n
999 _c14941
_d14941